000 00895nam a2200265 i 4500
001 bg
245 0 0 _aSterowanie produkcją :
_bmateriały do ćwiczeń i projektowania : opracowanie zbiorowe /
_cpod red. Marka Brzezińskiego ; Politechnika Lubelska.
260 _aLublin :
_bWydaw. PL,
_c2001.
300 _a160 s. :
_bil. ;
_c24 cm.
500 _aNa s. red. błędny ISBN.
500 _aNa okł. tyt. przedmiotu Zarządzanie i Marketing.
504 _aBibliogr.
650 9 _aProdukcja
_xorganizacja
650 9 _aSterowanie
_xstosowanie
_xprzemysł
655 _aĆwiczenia i zadania dla szkół wyższych
700 1 _aBRZEZIŃSKI, Marek
_d(1949- ).
_eRed.
710 0 _aPolitechnika Lubelska
020 _a8388110292
040 _cBPK
041 0 _apl
080 _a658.5.011(075.8)(076)
920 _a83-88110-29-2
942 _cKS
008 s pl f |000 0 pol
999 _c40894
_d40894
856 _uhttp://koha.tu.koszalin.pl/cgi-bin/koha/opac-detail.pl?biblionumber=40894
_yKatalog online BPK